000 00627cam a2200229ua 4500
020 _a0-07-099059-X
041 _aeng
_h
082 _a621.815
_bHAL/TH
100 _aHall, Allen S.
245 _aTheory and problems of machine design /
_cAllen S Hall.
_hTextual Documents
250 _a2 /
_b.
260 _aNew York :
_bMc Graw Hill Book Company ,
_c1982.
300 _a344 ; .
440 0 _aSchaum`s outline series,
_v
_x;
490 0 _aSchaum`s outline series,
_v
_x;
504 _a
700 1 _aHolowenko, Alfred R.
700 1 _aLaughlin, Herman G.
942 _cBK
999 _c205
_d205